Gaming Quiz

Random Gaming or Video Games Quiz

Video Game-ception Quiz Stats

 Plays Quiz Updated Apr 26, 2015

Challenge
Share
Tweet
Score 0/16 Timer 05:00
3 Plays Today
% Correct
Minecraft
90.1%
Halo
89.5%
Mario
85.1%
Metroid
75.1%
Assassin's Creed
69.2%
Space Invaders
66.4%
Street Fighter
50.8%
Game & Watch
48.1%
% Correct
Jak and Daxter
44.1%
Final Fantasy VII
40.6%
Dead Rising
33.7%
Warcraft
32.6%
Resident Evil
31.8%
Monkey Island
31.2%
Starcraft
30.3%
Psychonauts
28.9%

You're not logged in!

Compare scores with friends on all Sporcle quizzes.
Join for Free
OR
Log In

You Might Also Like...

Show Comments

Extras

Top Quizzes Today


Score Distribution

Your Account Isn't Verified!

In order to create a playlist on Sporcle, you need to verify the email address you used during registration. Go to your Sporcle Settings to finish the process.

Report this User

Report this user for behavior that violates our Community Guidelines.

Details: